Probabilistic models in operations research (Record no. 18750)

MARC details
000 -LEADER
fixed length control field 00894nam a2200289Ia 4500
003 - CONTROL NUMBER IDENTIFIER
control field OSt
005 - DATE AND TIME OF LATEST TRANSACTION
control field 20220912144913.0
008 - FIXED-LENGTH DATA ELEMENTS--GENERAL INFORMATION
fixed length control field 220909b |||||||| |||| 00| 0 eng d
020 ## - INTERNATIONAL STANDARD BOOK NUMBER
International Standard Book Number 9781606922330 (hbd)
037 ## - SOURCE OF ACQUISITION
Terms of availability Textual
040 ## - CATALOGING SOURCE
Original cataloging agency CSL
Language of cataloging eng
Transcribing agency CSL
041 ## - LANGUAGE CODE
Language code of text/sound track or separate title eng
100 ## - MAIN ENTRY--PERSONAL NAME
Personal name Guiasu Silviu
245 #0 - TITLE STATEMENT
Title Probabilistic models in operations research
260 ## - PUBLICATION, DISTRIBUTION, ETC.
Place of publication, distribution, etc. New York
Name of publisher, distributor, etc. Nova Science Publishers
Date of publication, distribution, etc. 2009
300 ## - PHYSICAL DESCRIPTION
Extent ii, 292p.
Dimensions cm.
500 ## - GENERAL NOTE
General note Appendix 281-285p.; References 286-288p.; Index 289-292p.
650 ## - SUBJECT ADDED ENTRY--TOPICAL TERM
Topical term or geographic name entry element Probability models-operational research
650 ## - SUBJECT ADDED ENTRY--TOPICAL TERM
Topical term or geographic name entry element Statistics
942 ## - ADDED ENTRY ELEMENTS (KOHA)
Classification part B281, P9
Koha item type Textual
Source of classification or shelving scheme Colon Classification (CC)
Holdings
Withdrawn status Lost status Damaged status Not for loan Home library Current library Date acquired Source of acquisition Total Checkouts Full call number Barcode Date last seen Price effective from Koha item type
        Central Science Library Central Science Library 2022-09-12 672, 25/08/2009, Ashutosh Technical Books   B281 P9 SL1444431 2022-09-12 2022-09-12 Textual
Copyright @ Delhi University Library System